Ancient Egyptian phonology /
"In Ancient Egyptian Phonology, James Allen studies the sounds of the language spoken by the ancient Egyptians through application of the most recent methodological advances for phonological reconstruction. Using the internal evidence of the language, he proceeds from individual vowels and cons...
المؤلف الرئيسي:
التنسيق: كتاب
اللغة: English
منشور في:
New York, NY :
Cambridge University Press,
2020.
الموضوعات:
الوسوم: إضافة وسم
رقم الطلب: PJ1151 .A45
| LEADER | 01805nam a22003497a 4500 | ||
|---|---|---|---|
| 003 | OSt | ||
| 005 | 20260201144015.0 | ||
| 008 | 010226t20202020nyua b 001 0 eng | ||
| 010 | |a 2019021288 | ||
| 015 | |a GBB9H6612 |2 bnb | ||
| 016 | 7 | |a 019590195 |2 Uk | |
| 020 | |a 9781108707305 | ||
| 035 | |a (OCoLC)1099345176 |z (OCoLC)1099347961 | ||
| 040 | |c ARCE Library | ||
| 042 | |a pcc | ||
| 049 | |a MAIN | ||
| 050 | 1 | 4 | |a PJ1151 |b .A45 |
| 100 | 1 | |a Allen, James P., |d 1945- |e author | |
| 245 | 1 | 0 | |a Ancient Egyptian phonology / |c James Allen. |
| 264 | 1 | |a New York, NY : |b Cambridge University Press, |c 2020. | |
| 264 | 4 | |c ©2020. | |
| 300 | |a x, 234 pages : |b illustrations ; |c 22 cm. | ||
| 504 | |a Includes bibliographical references (pages 205-215) and index. | ||
| 520 | |a "In Ancient Egyptian Phonology, James Allen studies the sounds of the language spoken by the ancient Egyptians through application of the most recent methodological advances for phonological reconstruction. Using the internal evidence of the language, he proceeds from individual vowels and consonants to the sound of actual ancient Egyptian texts. Allen also explores variants, alternants, and the development of sound in texts, and touches on external evidence from Afroasiatic cognate languages. The most up to date work on this topic, Ancient Egyptian Phonology is an essential resource for Egyptologists and will also be of interest to scholars and linguists of African and Semitic languages"-- |c Provided by publisher. | ||
| 650 | 0 | |a Egyptian language |x Phonology. | |
| 650 | 0 | |a Egyptian language |x Phonology, Historical. | |
| 650 | 0 | |a Egyptian language |x History. | |
| 650 | 0 | |a Egyptian language |x Grammar, Historical. | |
| 655 | 7 | |a History |2 fast |0 (OCoLC)fst01411628. | |
| 901 | |a reviewed | ||
| 942 | |2 lcc |c BK | ||
| 999 | |c 48638 |d 48638 | ||
